000 00886nam0a22002411i 4500
001 rc\3388293
005 20240726020411.0
021 _aRU
_b[71-28304а]
035 _a(NLR Aleph) 007456348
090 _a7269879
_c7269879
100 _a20130115d1971 |||y0rusy50 ca
101 0 _arus
102 _aRU
105 _ay d |||||
200 1 _aСоюз рабочего класса и крестьянина на современном этапе
_e(По материалам АрмССР)
_eАвтореф. дис. на соискание учен. степени д-ра ист. наук
_e(571)
_fАН АрмССР. Ин-т истории
210 _aЕреван
_d1971
215 _a85 с.
320 _aСписок работ авт.: с. 85
700 1 _aАмирян
_bС.С.
801 0 _aRU
_bNLR
_gpsbo
801 1 _aRU
_bELAR
_2rusmarc
852 _aNLR
_j72-4/20307
942 _cBOOK